000 00289nam a22001337a 4500
008 170831b xxu||||| |||| 00| 0 eng d
020 _a9780757508196
041 _aeng
080 _a070
100 _a40
101 _aMED
245 _aA MANER SPEAKING
_cBOKENO.R.M
942 _2udc
_cBK
999 _c25751
_d25751